MARC details
| 000 -LEADER |
| campo de control de longitud fija |
03230nam a2200385 i 4500 |
| 001 - NÚMERO DE CONTROL |
| campo de control |
196775 |
| 003 - IDENTIFICADOR DE NÚMERO DE CONTROL |
| campo de control |
ES-MaACL |
| 005 - FECHA Y HORA DE LA ÚLTIMA TRANSACCIÓN |
| campo de control |
20250729030531.0 |
| 008 - DATOS DE LONGITUD FIJA--INFORMACIÓN GENERAL |
| campo de control de longitud fija |
241118s2019 sp | |||| 001 0 spa |
| 015 ## - NÚMERO DE BIBLIOGRAFÍA NACIONAL |
| Número de bibliografía nacional |
MON19 |
| 017 ## - NÚMERO DE COPYRIGHT O DE DEPÓSITO LEGAL |
| Número de copyright o de depósito legal |
M 25219-2019 |
| Agencia que asigna |
Oficina Depósito Legal Madrid |
| 020 ## - NÚMERO INTERNACIONAL ESTÁNDAR DEL LIBRO |
| Número Internacional Estándar del Libro |
9788491817246 |
| 035 ## - NÚMERO DE CONTROL DEL SISTEMA |
| Número de control de sistema |
(OCoLC)1142912915 |
| 035 ## - NÚMERO DE CONTROL DEL SISTEMA |
| Número de control de sistema |
(SpMaBN)a6599723 |
| 040 ## - FUENTE DE CATALOGACIÓN |
| Centro catalogador/agencia de origen |
SpMaBN |
| Lengua de catalogación |
spa |
| Centro/agencia transcriptor |
SpMaBN |
| Normas de descripción |
rda |
| 080 ## - NÚMERO DE LA CLASIFICACIÓN DECIMAL UNIVERSAL |
| Número de la Clasificación Decimal Universal |
930.25 |
| 100 ## - ENTRADA PRINCIPAL--NOMBRE DE PERSONA |
| Nombre de persona |
Cruz Mundet, José Ramón, |
| Fechas asociadas al nombre |
1960- |
| 9 (RLIN) |
239312 |
| Término indicativo de función/relación |
Autor |
| 240 10 - TÍTULO UNIFORME |
| Título uniforme |
Archivística |
| 245 10 - MENCIÓN DEL TÍTULO |
| Título |
Archivística : |
| Resto del título |
gestión de documentos y administración de archivos / |
| Mención de responsabilidad, etc. |
José Ramón Cruz Mundet. |
| 250 ## - MENCION DE EDICION |
| Mención de edición |
Primera reimpresión: 2023 |
| 264 #1 - PRODUCCIÓN, PUBLICACIÓN, DISTRIBUCIÓN, FABRICACIÓN Y COPYRIGHT |
| Producción, publicación, distribución, fabricación y copyright |
Madrid : |
| Nombre del de productor, editor, distribuidor, fabricante |
Alianza Editorial, |
| Fecha de producción, publicación, distribución, fabricación o copyright |
[2019]. |
| 264 #4 - PRODUCCIÓN, PUBLICACIÓN, DISTRIBUCIÓN, FABRICACIÓN Y COPYRIGHT |
| Fecha de producción, publicación, distribución, fabricación o copyright |
©2019 |
| 300 ## - DESCRIPCIÓN FÍSICA |
| Extensión |
395 páginas ; |
| Dimensiones |
24 cm |
| 336 ## - TIPO DE CONTENIDO |
| Término de tipo de contenido |
Texto |
| Fuente |
rdacontent |
| 337 ## - TIPO DE MEDIO |
| Nombre/término del tipo de medio |
sin mediación |
| Fuente |
rdamedia |
| 338 ## - TIPO DE SOPORTE |
| Nombre/término del tipo de soporte |
volumen |
| Fuente |
rdacarrier |
| 504 ## - NOTA DE BIBLIOGRAFÍA, ETC. |
| Nota de bibliografía, etc. |
Bibliografía: páginas 361-381. Índice |
| 520 ## - RESUMEN, ETC. |
| Sumario, etc. |
"Archivística" es una sistematización completa del conocimiento teórico, de las normas y de las prácticas presentes en la gestión de los documentos y en la administración de los archivos en el ámbito de las organizaciones públicas y privadas. Se trata la materia desde la perspectiva de las omnipresentes tecnologías de la información, pues, tras siglos de producir documentos en papel, las organizaciones y los individuos basamos cada día más nuestras actividades en documentos electrónicos cuya gestión plantea nuevos retos, a los que se pretende dar respuesta también en estas páginas.<br/>"Archivística" estructura sus contenidos en torno a tres ejes: el marco contextual y conceptual, el sistema archivístico y las herramientas. El marco contextual y conceptual empieza con la evolución histórica de la Archivística, sigue con los conceptos de documento y archivo, y termina con una breve descripción de las ciencias auxiliares. El sistema archivístico aborda el ciclo de vida de los documentos para terminar con una visión panorámica del sistema español y el de los principales países de nuestro entorno. Las herramientas son lo que podríamos denominar los procesos de tratamiento y archivo.<br/>Esta nueva edición de "Archivística", aumentada y actualizada, se dirige a alumnos universitarios y a profesionales, así como a empresas e instituciones que quieran convertir sus documentos en recursos de información y en pruebas seguras para el desarrollo de sus actividades. En el contexto de la «sociedad de la información», la administración de archivos es un valor añadido que proporciona eficacia y transparencia en la gestión, contribuye a la responsabilidad corporativa y asegura la conservación del patrimonio histórico. Tal es el objeto de la Archivística y el de las páginas de este libro que pretende compendiarla. |
| 650 #7 - PUNTO DE ACCESO ADICIONAL DE MATERIA--TÉRMINO DE MATERIA |
| Término de materia o nombre geográfico como elemento de entrada |
Archivística |
| Fuente del encabezamiento o término |
embne |
| 9 (RLIN) |
9949 |
| 852 ## - LOCALIZACIÓN |
| Ubicación |
ES-MaACL |
| Ubicación en estantería |
Depósito J |
| Número de control de estantería |
N-10209 |
| Donativo/Legado |
Donación: Roberto Fernández |
| Encuadernación |
Encuadernación rústica con solapas |
| itemnumber |
206336 |
| 942 ## - ELEMENTOS DE ENTRADA SECUNDARIOS (KOHA) |
| Tipo de ítem Koha |
Libro impreso |
| Suprimir en OPAC |
No |